Matemáticas (4º Curso). Conjuntos, división, fracciones.

Gespeichert in:
Bibliographische Detailangaben
1. Verfasser: Barreiro. Autor
Weitere Verfasser: Rubio. Autor
Format: keine Angabe
Sprache:Spanisch
Erschienen: Zaragoza Tipo-Línea, S.A.
Katalog:MANES:  Suchergebnis im Bibliothekskatalog
Schulbuchspezifische Eigenschaften:
Tags: Tag hinzufügen
Keine Tags, Fügen Sie den ersten Tag hinzu!
Hinzugefügt zu:26.04.2016
Geändert in:07.05.2025

MARC

LEADER 000000000a22000000004500
001 12192
003 OSt
005 20250507133342.0
008 160427s sp ||||| |||| 00| 0 spa d
040 |c centro_manes 
041 1 |a spa 
561 |5 es-CICE  |a España. Centro Internacional de la Cultura Escolar  |k MANES 
691 0 |a PRI 
100 1 |a Barreiro. Autor  |9 3491 
700 1 |a Rubio. Autor  |9 3492 
245 0 0 |a Matemáticas (4º Curso). Conjuntos, división, fracciones. 
260 3 |a Zaragoza  |b Tipo-Línea, S.A. 
300 |c 20,5 x 13 cm 
690 0 |a MATE 
942 |2 ddc  |c BK 
546 |a España 
999 |c 18166  |d 18166 
999 |c manes:18166  |d 18166